000 00319 a2200109 4500
001 ART_17959
005 20260410161656.0
008 260409a
245 1 0 _aIncremento patrimonial no justificado
100 1 _aMecikovsky, Jaime L.
773 0 _tPráctica profesional
_g- Nº 117 (may. 2010)
_wREV542
999 _c14706
_d14706